Open Data Biblioteca Nacional de Portugal


República Portuguesa: Ministério da Cultura
Biblioteca Nacional de Portugal

Catálogo da BNP: acesso por Identificadores Unívocos
Registos Bibliográficos associados ao registo de autoridade

Etiqueta de registo: 00793cas 2200265 450
001 743457
003 http://id.bnportugal.gov.pt/bib/catbnp/743457
005 19990712085000.0
095 ## $aPTBN00530718
100 ## $a19940106b19461946m y0pory01030103ba
101 0# $apor
102 ## $aPT
106 ## $ae
110 ## $acyyzz 0ux0
200 1# $aBoletim do Vitória$fpropr. Vitória Sport Club$gdir. Luís Filipe Gonçalves Coelho
207 #0 $aNº esp. (jul. 1946)
210 #9 $aGuimarães$cFernando Neves,$d1946
215 ## $d29 cm
620 ## $dGuimarães
675 ## $a796/799(469.112)(05)$vBN$zpor$3324422
702 #1 $aCoelho,$bLuís Filipe Gonçalves$4300$3717354
712 02 $aVitória Sport Clube$4650$3268447
801 #0 $aPT$bBN$gRPC
966 ## $lBN$mFGJOR$nNº especial (Jul. 1946)$sJ. 4698//12 B. $x1

OpendataBNP@bnportugal.pt | Mais informação sobre acesso aos dados BNP